Historia de la Nación Argentina. desde los orígenes hasta la organización definitiva en 1862 / Vol. V . Primera sección :

Guardado en:
Otros Autores: Caillet- Bois, Ricardo R., Faugier, André., Belgrano, Mario., Robertson, William Spence., Soto-Hall, Máximo., Canter, Juan., Molinari, Diego Luis., Levene, Ricardo.
Formato: Libro
Idioma:Spanish
Publicado: Buenos Aires : El Ateneo, 1961.
Edición:3a. ed.
Materias:
Etiquetas: Agregar Etiqueta
Sin Etiquetas, Sea el primero en etiquetar este registro!
LEADER 00948nam a2200253 a 4500
001 DER.der015534
008 251117s1961####ag#abcogr#####001#0#spa##
005 20251117191416.0
245 0 0 |a Historia de la Nación Argentina.  |n Vol. V . Primera sección :  |b desde los orígenes hasta la organización definitiva en 1862 /  |c producida por Academia Nacional de la Historia. 
250 |a 3a. ed. 
260 a B |a Buenos Aires :  |b El Ateneo,  |c 1961. 
300 |a 473 p. 
505 0 |a La Revolución de Mayo hasta la Asamblea General Constituyente 
700 1 |a Levene, Ricardo.,  |e dir. 
700 1 |a Caillet- Bois, Ricardo R. 
700 1 |a Faugier, André. 
700 1 |a Belgrano, Mario. 
700 1 |a Robertson, William Spence. 
700 1 |a Soto-Hall, Máximo. 
700 1 |a Canter, Juan. 
700 1 |a Molinari, Diego Luis. 
700 1 |a Levene, Ricardo. 
650 7 |a HISTORIA ARGENTINA 
859 |a DERECHO  |b BIB. DERECHO  |h 982  |i ACA  |p 0010140  |v V  |3 Vol. V. 1° sección